| 000 | 00715nam a22002297a 4500 | ||
|---|---|---|---|
| 003 | OSt | ||
| 005 | 20240723161852.0 | ||
| 008 | 240723b ||||| |||| 00| 0 eng d | ||
| 022 | _a09725172 | ||
| 040 | _cAIMIT LIBRARY | ||
| 082 |
_a658 _bEFFE |
||
| 110 |
_aIUP Publications _9174002 |
||
| 245 |
_aEffective Executives / _cBy IUP Publications |
||
| 260 |
_aHyderabad : _bIUP Publications , _c2010. |
||
| 300 |
_bHB _c24 cm. |
||
| 440 |
_aEffective Executives _vVol.13 No.1-6/2010 _9174003 |
||
| 650 |
_aSocial networks and individual performance _9174004 |
||
| 650 |
_aPsychology of networking _9174005 |
||
| 650 |
_a Chinese chimera _9174006 |
||
| 650 |
_aSocial business _9174007 |
||
| 942 |
_2ddc _cBV _k658 EFFE |
||
| 999 |
_c231506 _d231506 |
||